Countries By Largest Island - Statistics

General Stats
  • This quiz has been taken 1,595 times
    1,585 since last reset
  • The average score is 17 of 22
Answer Stats
Largest Island Country % Correct
Tasmania Australia
99%
Hawaii United States
99%
Greenland Denmark
98%
Sicily Italy
98%
Crete Greece
96%
Corsica France
95%
Sumatra Indonesia
95%
Honshu Japan
95%
Majorca Spain
93%
Baffin Island Canada
92%
South Island New Zealand
92%
Hainan China
88%
Spitsbergen Norway
85%
Luzon Philippines
85%
Phuket Thailand
84%
Sakhalin Russia
81%
North Andaman India
80%
Marajó Brazil
66%
New Britain Papua New Guinea
53%
Roatan Honduras
23%
Ambergris Caye Belize
22%
Cocos Island Costa Rica
19%
No matching quizzes found
Score Distribution
Percent of People with Each Score
Percentile by Number Answered
Your Score History
You have not taken this quiz since the last reset